| 000 | 00982cam a22003254a 4500 | ||
|---|---|---|---|
| 001 | 6256 | ||
| 003 | FISKH | ||
| 005 | 20250828112022.0 | ||
| 008 | 110822s2012 nyua j b 001 0 eng | ||
| 010 | _a 2011032712 | ||
| 020 | _a9780531208649 (library binding) | ||
| 020 | _a9780531209332 (pbk.) | ||
| 040 |
_aDLC _cDLC _dDLC _beng |
||
| 050 | _aQE862.S3 M3336 | ||
| 082 | _a567.912 | ||
| 100 | 1 | _aMara, Wil. | |
| 245 | 1 | 0 |
_aVelociraptor / _cby Wil Mara. |
| 260 |
_aNew York : _bScholastic, _c2012. |
||
| 300 |
_a32 pages : _bcolor illustrations ; _c18 cm |
||
| 490 | 0 | _aRookie read-about dinosaurs | |
| 504 | _aIncludes bibliographical references and index. | ||
| 505 | _aJ | ||
| 520 | _aDescribes the velociraptor's appearance, diet, and way of life. | ||
| 521 | 8 |
_a440
_bLexile |
|
| 521 | 8 |
_aJ
_bRaz-Plus |
|
| 650 | 0 |
_aVelociraptor _vJuvenile literature. |
|
| 906 |
_a7 _bcbc _corignew _d1 _eecip _f20 _gy-gencatlg |
||
| 942 |
_2ddc _cBK _n0 |
||
| 999 |
_c6256 _d6256 |
||